Star Wars Characters By Letter - A - Statistics

General Stats
  • This quiz has been taken 124 times
  • The average score is 10 of 16
Answer Stats
Picture Answer % Correct
Anakin Skywalker
100%
Admiral Ackbar
97%
Ahsoka Tano
97%
Aayla Secura
80%
Asajj Ventress
79%
Amilyn Holdo
70%
Aurra Sing
67%
Admiral Trench
62%
Adi Gallia
55%
Alexsandr Kallus
54%
Admiral Kassius Konstantine
48%
AP-5
48%
Appo
40%
AZI-3
30%
Ap'Lek
17%
Arvel Skeen
16%
No matching quizzes found
Score Distribution
Percent of People with Each Score
Percentile by Number Answered
Your Score History
You have not taken this quiz